<?xml version="1.0" encoding="UTF-8"?>
<record
    xmlns:xsi="http://www.w3.org/2001/XMLSchema-instance"
    xsi:schemaLocation="http://www.loc.gov/MARC21/slim http://www.loc.gov/standards/marcxml/schema/MARC21slim.xsd"
    xmlns="http://www.loc.gov/MARC21/slim">

  <leader>02323nam a2200325uu 4500</leader>
  <controlfield tag="001">1537748</controlfield>
  <controlfield tag="005">20260508093723.0</controlfield>
  <controlfield tag="008">191106s2019                        spa  </controlfield>
  <datafield tag="020" ind1=" " ind2=" ">
    <subfield code="a">9789587629941</subfield>
  </datafield>
  <datafield tag="035" ind1=" " ind2=" ">
    <subfield code="a">1537748</subfield>
  </datafield>
  <datafield tag="040" ind1=" " ind2=" ">
    <subfield code="c">comduadb</subfield>
  </datafield>
  <datafield tag="041" ind1=" " ind2=" ">
    <subfield code="a">spa</subfield>
  </datafield>
  <datafield tag="082" ind1=" " ind2="4">
    <subfield code="a">344</subfield>
  </datafield>
  <datafield tag="100" ind1="1" ind2="0">
    <subfield code="a">Grajales Londo&#xF1;o, Gherson</subfield>
    <subfield code="4">aut</subfield>
    <subfield code="e">aut</subfield>
    <subfield code="9">448187</subfield>
  </datafield>
  <datafield tag="245" ind1="1" ind2="0">
    <subfield code="a">Estatuto tributario 2019, contextualizado bajo IFRS (IASB) : &#xFA;ltima reforma tributaria y decretos reglamentarios. Buenas pr&#xE1;cticas tributarias de Gobierno corporativo</subfield>
  </datafield>
  <datafield tag="250" ind1=" " ind2=" ">
    <subfield code="a">1. edici&#xF3;n</subfield>
  </datafield>
  <datafield tag="260" ind1=" " ind2=" ">
    <subfield code="a">Bogot&#xE1; :</subfield>
    <subfield code="b">Ediciones de la U,</subfield>
    <subfield code="c">2019.</subfield>
  </datafield>
  <datafield tag="300" ind1=" " ind2=" ">
    <subfield code="a">620 p&#xE1;ginas :</subfield>
    <subfield code="b">tablas y gr&#xE1;ficos.</subfield>
  </datafield>
  <datafield tag="490" ind1="0" ind2=" ">
    <subfield code="a">Contabilidad y Finanzas</subfield>
  </datafield>
  <datafield tag="505" ind1=" " ind2=" ">
    <subfield code="a">CONTENIDO : Presentaci&#xF3;n. -- Introducci&#xF3;n. -- A. Marco conceptual. -- B. Marco normativo. -- T&#xED;tulo preliminar: obligaci&#xF3;n tributaria. -- Libro primero: impuesto sobre la renta y complementarios. -- Libro segundo: retenci&#xF3;n en la fuente. -- Libro tercero: impuesto sobre las ventas. -- Libro cuarto: impuesto de timbre nacional. -- Libro quinto: procedimiento tributario, sanciones y estructura de la Direcci&#xF3;n de Impuestos Nacionales. -- Libro sexto: gravamen a los movimientos financieros (incorporado por el art&#xED;culo 1 de la Ley 633 de 2000). -- Libro s&#xE9;ptimo. -- Libro octavo (sustituido por el art&#xED;culo 66 de la Ley 1943 de 2018). -- Bibliograf&#xED;a.</subfield>
  </datafield>
  <datafield tag="520" ind1="3" ind2=" ">
    <subfield code="a">Esta publicaci&#xF3;n ha sido compilada teniendo en cuenta el agrupamiento de temas de com&#xFA;n uso para el lector en un &#xED;ndice alfab&#xE9;tico, adicionalmente se han comentado los cambios y jurisprudencia sobre las reformas tributarias de los &#xFA;ltimos 20 a&#xF1;os. Se han incorporado recursos did&#xE1;cticos como los mentefactos para la ense&#xF1;anza del derecho tributario, y se han tratado los nuevos t&#xF3;picos en materia de impuesto de renta, adem&#xE1;s de la contextualizaci&#xF3;n con los est&#xE1;ndares internacionales IASB.</subfield>
  </datafield>
  <datafield tag="650" ind1=" " ind2=" ">
    <subfield code="a">Estatuto Tributario</subfield>
    <subfield code="9">13475</subfield>
  </datafield>
  <datafield tag="650" ind1=" " ind2="7">
    <subfield code="a">Derecho fiscal</subfield>
    <subfield code="z">Colombia</subfield>
    <subfield code="2">lemb</subfield>
    <subfield code="9">49230</subfield>
  </datafield>
  <datafield tag="650" ind1=" " ind2=" ">
    <subfield code="a">Hacienda p&#xFA;blica - Legislaci&#xF3;n - Colombia</subfield>
    <subfield code="9">49887</subfield>
  </datafield>
  <datafield tag="650" ind1=" " ind2=" ">
    <subfield code="a">Ley de financiamiento - Colombia</subfield>
    <subfield code="9">227649</subfield>
  </datafield>
  <datafield tag="650" ind1=" " ind2="7">
    <subfield code="a">Reforma tributaria </subfield>
    <subfield code="z">Colombia</subfield>
    <subfield code="2">lemb</subfield>
    <subfield code="9">8077</subfield>
  </datafield>
  <datafield tag="700" ind1="1" ind2="0">
    <subfield code="a">Vargas Sierra, Carlos Arturo</subfield>
    <subfield code="4">aut</subfield>
    <subfield code="e">aut</subfield>
    <subfield code="9">792902</subfield>
  </datafield>
  <datafield tag="700" ind1="1" ind2="0">
    <subfield code="a">Agudelo Giraldo, Luz Deicy</subfield>
    <subfield code="4">aut</subfield>
    <subfield code="e">aut</subfield>
    <subfield code="9">787239</subfield>
  </datafield>
  <datafield tag="942" ind1=" " ind2=" ">
    <subfield code="c">BOOK</subfield>
  </datafield>
  <datafield tag="999" ind1=" " ind2=" ">
    <subfield code="c">807382</subfield>
    <subfield code="d">807382</subfield>
  </datafield>
  <datafield tag="952" ind1=" " ind2=" ">
    <subfield code="0">0</subfield>
    <subfield code="1">0</subfield>
    <subfield code="4">0</subfield>
    <subfield code="7">0</subfield>
    <subfield code="8">GEN</subfield>
    <subfield code="a">BC</subfield>
    <subfield code="b">BC</subfield>
    <subfield code="d">2019-11-06</subfield>
    <subfield code="e">Librer&#xED;a Universidad de Antioquia</subfield>
    <subfield code="g">60900.00</subfield>
    <subfield code="i">C1323389</subfield>
    <subfield code="l">2</subfield>
    <subfield code="o">344.3 G743</subfield>
    <subfield code="p">01086705</subfield>
    <subfield code="r">2025-12-15 11:09:35</subfield>
    <subfield code="s">2025-11-24</subfield>
    <subfield code="t">1</subfield>
    <subfield code="w">2023-05-04</subfield>
    <subfield code="y">BOOK</subfield>
  </datafield>
</record>
